000 00673nam a2200193Ia 4500
005 20250508164949.0
008 008 250505s9999 xx 000 0 hin d
037 _aDissertations
040 _aFEDL
_beng
_cFEDL
041 _ahin
_2eng
084 _a375.3, MEE/DI
_qFEDL
100 _aMeena Seema Kumari
_9779600
245 0 _aMadhyamik star per rashtriya sheshik anusandhan avam pershikshan parishad avam madhyamik shiksha board, Rajasthan ke samajik vigyan ki patthyacharya ka tulnatmak addhyan
260 _c2010
300 _a68p.
546 _aM. Ed. Dissertation (Delhi University)
942 _cDIS
_h375.3, MEE/DI
999 _c1392310
_d1392310